<?xml version="1.0" encoding="UTF-8"?><?xml-stylesheet type="text/xsl" href="static/style.xsl"?><OAI-PMH xmlns="http://www.openarchives.org/OAI/2.0/" xmlns:xsi="http://www.w3.org/2001/XMLSchema-instance" xsi:schemaLocation="http://www.openarchives.org/OAI/2.0/ http://www.openarchives.org/OAI/2.0/OAI-PMH.xsd"><responseDate>2026-04-17T17:28:31Z</responseDate><request verb="GetRecord" identifier="oai:www.recercat.cat:2099.1/17117" metadataPrefix="marc">https://recercat.cat/oai/request</request><GetRecord><record><header><identifier>oai:recercat.cat:2099.1/17117</identifier><datestamp>2025-07-22T17:59:20Z</datestamp><setSpec>com_2072_1033</setSpec><setSpec>col_2072_452951</setSpec></header><metadata><record xmlns="http://www.loc.gov/MARC21/slim" xmlns:dcterms="http://purl.org/dc/terms/" xmlns:xsi="http://www.w3.org/2001/XMLSchema-instance" xmlns:doc="http://www.lyncode.com/xoai" xsi:schemaLocation="http://www.loc.gov/MARC21/slim http://www.loc.gov/standards/marcxml/schema/MARC21slim.xsd">
   <leader>00925njm 22002777a 4500</leader>
   <datafield ind2=" " ind1=" " tag="042">
      <subfield code="a">dc</subfield>
   </datafield>
   <datafield ind2=" " ind1=" " tag="720">
      <subfield code="a">García Codina, Daniel</subfield>
      <subfield code="e">author</subfield>
   </datafield>
   <datafield ind2=" " ind1=" " tag="260">
      <subfield code="c">2012-09</subfield>
   </datafield>
   <datafield ind2=" " ind1=" " tag="520">
      <subfield code="a">El present projecte té com a objectiu la legalització de la reforma i ampliació de les&#xd;
instal·lacions elèctriques de l'estació de tractament d'aigua potable del municipi de&#xd;
Castellfollit de la Roca.&#xd;
La instal·lació va ser legalitzada anteriorment mitjançant un butlletí d'instal·lador, però s'ha&#xd;
reformat la planta i ampliat la potència i es requereix d'un projecte elèctric per tal de&#xd;
legalitzar aquesta millora, el tràmit a realitzar en aquest cas és una legalització com a nova&#xd;
instal·lació, per tant es compleixen tots els condicionants del reglament electrotècnic de&#xd;
baixa tensió RD 842/2002.&#xd;
Per a la redacció del projecte s'ha necessitat de múltiples visites, reunions i posteriors&#xd;
acords per tal de construir la instal·lació elèctrica més adequada per a les necessitats de la&#xd;
planta.&#xd;
La planta consta de tres edificis principals. El primer de tots és la captació, que està a&#xd;
l'altura del riu Fluvià i s'encarrega de bombejar aigua cap a la planta de tractament, que és&#xd;
el segon edifici. Aquest segon edifici s'encarrega de la filtració de l'aigua i el tractament&#xd;
amb diversos productes químics per tal d'eliminar tots els elements perjudicials per a la&#xd;
salut presents en l'aigua del riu. Un cop tractada es bombeja cap al que es pot considerar el&#xd;
tercer edifici, un dipòsit d'aigua des de el que s'abasteix el municipi de Castellfollit de la&#xd;
Roca.&#xd;
El projecte consta d'una memòria explicativa amb una descripció detallada de tots els&#xd;
elements que formen la instal·lació elèctrica de la planta de tractament, esquema unifilar,&#xd;
càlculs elèctrics justificatius i plànols.&#xd;
El projecte ha servit per a reformar tota la instal·lació elèctrica, renovar quadres i&#xd;
subquadres interiors i maquinària principalment.&#xd;
Amb el present projecte la instal·lació es troba en perfecte estat legal, havent passat una&#xd;
inspecció inicial amb resultat favorable per un Organisme de Control, i establint un pla&#xd;
d'inspeccions periòdiques i de dictàmens anuals per tal de confirmar que en un futur l'estat&#xd;
de la instal·lació es correspon amb l'exposat en el present projecte.&#xd;
Hi ha dades privades al projecte, per tant en algun punt es poden substituir números per “X”&#xd;
per tal de preservar la confidencialitat de les dades tractades</subfield>
   </datafield>
   <datafield tag="653" ind2=" " ind1=" ">
      <subfield code="a">Àrees temàtiques de la UPC::Enginyeria elèctrica::Distribució d'energia elèctrica::Instal·lacions elèctriques</subfield>
   </datafield>
   <datafield tag="653" ind2=" " ind1=" ">
      <subfield code="a">Sewage disposal plants</subfield>
   </datafield>
   <datafield tag="653" ind2=" " ind1=" ">
      <subfield code="a">Low voltage systems -- Law and legislation</subfield>
   </datafield>
   <datafield tag="653" ind2=" " ind1=" ">
      <subfield code="a">Low voltage systems -- Installation</subfield>
   </datafield>
   <datafield tag="653" ind2=" " ind1=" ">
      <subfield code="a">Electric wiring</subfield>
   </datafield>
   <datafield tag="653" ind2=" " ind1=" ">
      <subfield code="a">Aigües residuals -- Plantes de tractament</subfield>
   </datafield>
   <datafield tag="653" ind2=" " ind1=" ">
      <subfield code="a">Baixa tensió -- Legislació</subfield>
   </datafield>
   <datafield tag="653" ind2=" " ind1=" ">
      <subfield code="a">Baixa tensió -- Instal·lació</subfield>
   </datafield>
   <datafield tag="653" ind2=" " ind1=" ">
      <subfield code="a">Instal·lacions elèctriques</subfield>
   </datafield>
   <datafield ind2="0" ind1="0" tag="245">
      <subfield code="a">Projecte per a la legalització de la instal.lació elèctrica de la ETAP de Castellfollit de la Roca</subfield>
   </datafield>
</record></metadata></record></GetRecord></OAI-PMH>